[Event "Deutsche Ländermeisterschaft 2021"]
[Site "Neumünster GER"]
[Date "2021.10.04"]
[Round "4"]
[White "Chugunov, Ivan"]
[Black "Herrmann, Jakob"]
[Result "0-1"]
[Termination "normal"]
[Board "7.5"]
[WhiteElo "1515"]
[BlackElo "1538"]
[WhiteClock "00:33:34"]
[BlackClock "00:25:04"]
[WhiteTeam "Württemberg"]
[BlackTeam "Mecklenburg-Vorpommern"]
[PlyCount "116"]
[WhiteFideId "16256808"]
[BlackFideId "16287169"]
[EventCountry "GER"]
[EventRounds "7"]
[EventType "team-swiss"]
[EventDate "2021.10.01"]

1. e4 {[%clk 1:30:55]} c5 {[%clk 1:30:52]} 2. Nf3 {[%clk 1:31:13]} d6 {[%clk
1:31:17]} 3. d4 {[%clk 1:31:04]} cxd4 {[%clk 1:31:40]} 4. Nxd4 {[%clk 1:31:28]}
Nf6 {[%clk 1:32:06]} 5. Nc3 {[%clk 1:31:40]} g6 {[%clk 1:32:28]} 6. Bc4 {[%clk
1:31:12]} Bg7 {[%clk 1:32:26]} 7. f3 {[%clk 1:31:11]} O-O {[%clk 1:31:58]} 8.
Be3 {[%clk 1:31:25]} Nc6 {[%clk 1:32:20]} 9. Qd2 {[%clk 1:31:02]} Bd7 {[%clk
1:32:37]} 10. O-O-O {[%clk 1:31:06]} Rc8 {[%clk 1:32:59]} 11. Bb3 {[%clk
1:31:04]} Nxd4 {[%clk 1:32:56]} 12. Bxd4 {[%clk 1:31:02]} b5 {[%clk 1:33:18]}
13. Nd5 {[%clk 1:18:41]} Nxd5 {[%clk 1:32:26]} 14. exd5 {[%clk 1:16:55]} Bxd4
{[%clk 1:31:32]} 15. Qxd4 {[%clk 1:16:52]} a5 {[%clk 1:31:55]} 16. a3 {[%clk
1:15:35]} b4 {[%clk 1:31:37]} 17. h4 {[%clk 1:07:32]} a4 {[%clk 1:29:16]} 18.
Bc4 {[%clk 1:07:00]} Qc7 {[%clk 1:12:03]} 19. Bd3 {[%clk 1:06:14]} bxa3 {[%clk
1:07:36]} 20. bxa3 {[%clk 1:05:42]} Qc5 {[%clk 1:01:31]} 21. Qxc5 {[%clk
0:56:39]} Rxc5 {[%clk 1:01:50]} 22. Rhe1 {[%clk 0:56:38]} Re8 {[%clk 1:01:46]}
23. Bf1 {[%clk 0:51:49]} Rec8 {[%clk 0:56:36]} 24. Rd2 {[%clk 0:50:41]} Bf5
{[%clk 0:49:10]} 25. Ree2 {[%clk 0:47:13]} h5 {[%clk 0:44:05]} 26. Rxe7 {[%clk
0:43:45]} Bxc2 {[%clk 0:42:57]} 27. Re1 {[%clk 0:33:52]} Bb3+ {[%clk 0:24:36]}
28. Kb2 {[%clk 0:33:25]} Bxd5 {[%clk 0:22:38]} 29. Bd3 {[%clk 0:31:27]} Rb8+
{[%clk 0:22:08]} 30. Ka1 {[%clk 0:31:09]} Rc3 {[%clk 0:22:12]} 31. Bb1 {[%clk
0:30:51]} Rxa3+ {[%clk 0:21:22]} 32. Ba2 {[%clk 0:31:02]} Rxa2+ {[%clk
0:19:47]} 33. Rxa2 {[%clk 0:31:23]} Bxa2 {[%clk 0:20:16]} 34. Kxa2 {[%clk
0:31:43]} Rb4 {[%clk 0:20:13]} 35. Rd1 {[%clk 0:31:05]} Rxh4 {[%clk 0:20:29]}
36. Rxd6 {[%clk 0:31:24]} Rh2 {[%clk 0:20:10]} 37. Rd4 {[%clk 0:30:10]} Rxg2+
{[%clk 0:20:22]} 38. Ka3 {[%clk 0:30:21]} Rg3 {[%clk 0:20:33]} 39. Rf4 {[%clk
0:30:12]} Kg7 40. Kxa4 {[%clk 0:29:07]} g5 {[%clk 0:20:28]} 41. Rf5 {[%clk
0:29:08]} Kg6 {[%clk 0:20:51]} 42. Rd5 {[%clk 0:29:20]} Rxf3 {[%clk 0:21:16]}
43. Kb4 {[%clk 0:28:59]} h4 {[%clk 0:21:31]} 44. Kc4 {[%clk 0:29:14]} h3 {[%clk
0:21:52]} 45. Rd2 {[%clk 0:29:30]} g4 {[%clk 0:22:14]} 46. Rh2 {[%clk 0:29:47]}
Kg5 {[%clk 0:22:35]} 47. Kd4 {[%clk 0:30:10]} Kf4 {[%clk 0:22:48]} 48. Rh1
{[%clk 0:30:11]} g3 {[%clk 0:22:13]} 49. Rxh3 {[%clk 0:30:26]} g2 {[%clk
0:22:39]} 50. Rxf3+ {[%clk 0:30:47]} Kxf3 {[%clk 0:23:08]} 51. Ke5 {[%clk
0:31:04]} g1=Q {[%clk 0:23:35]} 52. Kf6 {[%clk 0:31:25]} Qg6+ {[%clk 0:23:48]}
53. Ke7 {[%clk 0:31:46]} Ke4 {[%clk 0:23:59]} 54. Kf8 {[%clk 0:32:04]} Kd5
{[%clk 0:24:00]} 55. Ke7 {[%clk 0:32:25]} f5 {[%clk 0:24:21]} 56. Kf8 {[%clk
0:32:49]} Qh7 {[%clk 0:24:44]} 57. Ke8 {[%clk 0:33:12]} Ke6 {[%clk 0:25:04]}
58. Kf8 {[%clk 0:33:34]} Qh8# 0-1

[Event "Deutsche Ländermeisterschaft 2021"]
[Site "Neumünster GER"]
[Date "2021.10.04"]
[Round "4"]
[White "Müller, Sophie Charlotte"]
[Black "Wörz, Ann-Sophie"]
[Result "1/2-1/2"]
[Termination "normal"]
[Board "7.6"]
[WhiteElo "1554"]
[BlackElo "1560"]
[WhiteClock "00:13:54"]
[BlackClock "00:47:43"]
[WhiteTeam "Mecklenburg-Vorpommern"]
[BlackTeam "Württemberg"]
[PlyCount "74"]
[WhiteFideId "16246683"]
[BlackFideId "16265890"]
[EventCountry "GER"]
[EventRounds "7"]
[EventType "team-swiss"]
[EventDate "2021.10.01"]

1. e4 {[%clk 1:30:57]} d6 {[%clk 1:30:57]} 2. g3 {[%clk 1:31:18]} Nf6 {[%clk
1:31:17]} 3. Bg2 {[%clk 1:31:40]} g6 {[%clk 1:31:33]} 4. f4 {[%clk 1:31:03]}
Bg7 {[%clk 1:31:26]} 5. Nc3 {[%clk 1:31:13]} c5 {[%clk 1:30:18]} 6. Nf3 {[%clk
1:29:08]} Nc6 {[%clk 1:30:01]} 7. d4 {[%clk 1:28:35]} cxd4 {[%clk 1:29:48]} 8.
Nxd4 {[%clk 1:29:02]} O-O {[%clk 1:28:43]} 9. Nxc6 {[%clk 1:23:50]} bxc6 {[%clk
1:29:05]} 10. e5 {[%clk 1:23:40]} dxe5 {[%clk 1:25:28]} 11. Bxc6 {[%clk
1:20:09]} Bg4 {[%clk 1:23:31]} 12. Qxd8 {[%clk 1:14:46]} Raxd8 {[%clk 1:23:59]}
13. fxe5 {[%clk 1:14:29]} Nd7 {[%clk 1:19:41]} 14. Bxd7 {[%clk 1:11:49]} Rxd7
{[%clk 1:19:30]} 15. Bf4 {[%clk 1:11:04]} h6 {[%clk 1:19:41]} 16. h3 {[%clk
1:09:04]} Bf5 {[%clk 1:19:21]} 17. Rd1 {[%clk 1:01:15]} Rfd8 {[%clk 1:16:46]}
18. Rxd7 {[%clk 0:58:51]} Rxd7 {[%clk 1:16:59]} 19. g4 {[%clk 0:48:19]} Be6
{[%clk 1:08:21]} 20. O-O {[%clk 0:40:57]} g5 {[%clk 1:07:34]} 21. Bg3 {[%clk
0:40:16]} h5 {[%clk 1:03:08]} 22. gxh5 {[%clk 0:37:15]} Bxh3 {[%clk 1:03:12]}
23. Rd1 {[%clk 0:36:25]} Rxd1+ {[%clk 1:02:43]} 24. Nxd1 {[%clk 0:36:54]} Bg4
{[%clk 1:02:54]} 25. Ne3 {[%clk 0:36:16]} Bxh5 {[%clk 1:02:25]} 26. Nf5 {[%clk
0:35:32]} Bf8 {[%clk 1:01:52]} 27. Bf2 {[%clk 0:33:56]} Bg6 {[%clk 1:01:22]}
28. Nd4 {[%clk 0:32:33]} Be4 {[%clk 0:58:53]} 29. c3 {[%clk 0:29:21]} a6 {[%clk
0:57:08]} 30. a4 {[%clk 0:26:03]} f5 {[%clk 0:51:51]} 31. exf6 {[%clk 0:26:03]}
exf6 {[%clk 0:52:11]} 32. Ne6 {[%clk 0:24:51]} Bd6 {[%clk 0:50:27]} 33. Nc5
{[%clk 0:23:51]} Bxc5 {[%clk 0:48:26]} 34. Bxc5 {[%clk 0:23:58]} Bc2 {[%clk
0:47:55]} 35. a5 {[%clk 0:23:49]} Bb3 {[%clk 0:48:16]} 36. Kf2 {[%clk 0:23:46]}
Kf7 {[%clk 0:48:27]} 37. Ke3 {[%clk 0:13:54]} Ke6 {[%clk 0:47:43]} 1/2-1/2

[Event "Deutsche Ländermeisterschaft 2021"]
[Site "Neumünster GER"]
[Date "2021.10.04"]
[Round "4"]
[White "Dohon, Maria-Johanna"]
[Black "Khanbekyan, Nare"]
[Result "1-0"]
[Termination "normal"]
[Board "7.7"]
[WhiteElo "1521"]
[BlackElo "1252"]
[WhiteTeam "Württemberg"]
[BlackTeam "Mecklenburg-Vorpommern"]
[PlyCount "87"]
[WhiteFideId "34600957"]
[BlackFideId "16270916"]
[EventCountry "GER"]
[EventRounds "7"]
[EventType "team-swiss"]
[EventDate "2021.10.01"]

1. d4 Nf6 2. c4 e6 3. Nf3 b6 4. g3 Bb7 5. Bg2 Be7 6. O-O O-O 7. Nc3 d5 8. Ne5
Nbd7 9. b3 c5 10. Nxd7 Qxd7 11. cxd5 Nxd5 12. Nxd5 exd5 13. dxc5 bxc5 14. h4
Rfd8 15. Bf4 c4 16. Be5 Rac8 17. bxc4 dxc4 18. Qxd7 Rxd7 19. Bh3 Rdd8 20. Bxc8
Rxc8 21. Bc3 f6 22. Rfd1 Rc7 23. Rd2 Kf7 24. Rad1 Bc8 25. Kg2 Be6 26. e4 g5 27.
hxg5 fxg5 28. Rh1 Kg6 29. f4 gxf4 30. gxf4 Bg8 31. Kf3 Bc5 32. Rg2+ Kf7 33.
Rg7+ Ke6 34. Rxc7 Kd6 35. Rg7 Be6 36. Rh6 Bb6 37. f5 Kc5 38. Rxe6 Kb5 39. Rxb6+
axb6 40. f6 Ka4 41. f7 Kb5 42. f8=Q Ka4 43. Qa8+ Kb5 44. Rg5# 1-0

[Event "Deutsche Ländermeisterschaft 2021"]
[Site "Neumünster GER"]
[Date "2021.10.04"]
[Round "4"]
[White "Chandrasekher, Ritu"]
[Black "Stasaitis, Paulina"]
[Result "1-0"]
[Termination "normal"]
[Board "7.8"]
[WhiteElo "1307"]
[BlackElo "1280"]
[WhiteClock "01:16:26"]
[BlackClock "00:40:51"]
[WhiteTeam "Mecklenburg-Vorpommern"]
[BlackTeam "Württemberg"]
[PlyCount "43"]
[WhiteFideId "34609024"]
[BlackFideId "34606165"]
[EventCountry "GER"]
[EventRounds "7"]
[EventType "team-swiss"]
[EventDate "2021.10.01"]

1. e4 {[%clk 1:30:57]} c6 {[%clk 1:30:51]} 2. d4 {[%clk 1:31:07]} d5 {[%clk
1:31:07]} 3. Nc3 {[%clk 1:31:31]} dxe4 {[%clk 1:31:20]} 4. Nxe4 {[%clk
1:31:52]} Bf5 {[%clk 1:31:34]} 5. Ng3 {[%clk 1:32:11]} Bg6 {[%clk 1:31:30]} 6.
Nf3 {[%clk 1:32:26]} Nd7 {[%clk 1:31:27]} 7. Bd3 {[%clk 1:32:37]} Bxd3 {[%clk
1:30:23]} 8. Qxd3 {[%clk 1:32:55]} Ngf6 9. O-O {[%clk 1:32:07]} e6 {[%clk
1:27:06]} 10. c4 Nb6 11. b3 {[%clk 1:27:39]} c5 {[%clk 1:22:55]} 12. Bb2 cxd4
{[%clk 1:17:49]} 13. Nxd4 {[%clk 1:25:28]} Bb4 {[%clk 1:13:01]} 14. Rad1 {[%clk
1:21:41]} e5 {[%clk 1:07:05]} 15. Ndf5 {[%clk 1:20:24]} Qxd3 {[%clk 1:02:24]}
16. Rxd3 {[%clk 1:20:28]} e4 {[%clk 1:02:37]} 17. Rdd1 {[%clk 1:20:25]} Kf8
{[%clk 0:51:26]} 18. Bxf6 {[%clk 1:20:11]} gxf6 {[%clk 0:47:42]} 19. Nxe4
{[%clk 1:20:10]} Re8 {[%clk 0:43:16]} 20. Nxf6 {[%clk 1:16:43]} Re6 {[%clk
0:40:50]} 21. Rd8+ {[%clk 1:16:12]} Re8 {[%clk 0:40:51]} 22. Rxe8# {[%clk
1:16:26]} 1-0